000 00365nam a2200145 i 4500
001 bg
100 1 _aPRAKASH, S.
245 0 _aFoundations for machines :
_banalysis and design /
_cS.Prakash,Vijay K.Puri.
260 _aNew york,
_c1988.
700 1 _aPURI, Vijay K.
040 _cBPK
041 _apol
942 _cKS
008 s pl f |000 0 pol
999 _c28990
_d28990
856 _uhttp://koha.tu.koszalin.pl/cgi-bin/koha/opac-detail.pl?biblionumber=28990
_yKatalog online BPK